000 00737nam a2200217Ii 4500
003 JO-AjNU
008 230605s9999||||xx |||||||||||||| ||und||
020 _a978-9933-580-71-1
040 _aJO-AjNU
_bara
_erda
_cJO-AjNU
041 _aara
050 1 4 _aPJ7510 2017
100 3 _aتودوروف، تزفيتان مؤلف؛ منذر عياشي مترجم,
_eauthor
_958543
245 0 0 _aمفهوم الأدب
250 _aط1
264 3 1 _aدمشق: دار نينوى للدراسات والنشر والتوزيع، 2017
300 _a120ص
336 _atext
_btxt
_2rdacontent
337 _aunmediated
_bn
_2rdamedia
338 _avolume
_bnc
_2rdacarrier
650 4 _aاللغة العربية - دراسات نقدية
_958544
999 _aA26295
_c29863
_d29863